000 01306nam0a22003131 4500
001 rc\4249034
005 20260622214834.0
021 _aRU
_b[60-58874]
035 _a(NLR Aleph) 008475119
090 _a13736825
_c13736825
100 _a20130416d1960 |||y0rusy50 ca
101 0 _arus
102 _aMD
105 _aa z |||||
200 1 _aРусский язык (устный курс) в подготовительном классе гагаузской начальной школы
_fПод ред. Сычевой В.А.
_gНауч.-исслед. ин-т школ М-ва просвещения Молд. ССР
210 _aКишинев
_cКартя молдовеняскэ
_d1960
215 _a110 с.
_cил.
_d27
300 _aНа переплете 1-й авт.: О.Х. Сибова
606 _aРусский язык
_jУчебники и пособия для нерусских школ
_2psbo
700 1 _aБалабан
_bМ. И.
_gМария Ильинична
701 1 _aСибова
_bО. Х.
_gОльга Харлампиевна
702 1 _aСычева
_bВ. А.
_4340
801 0 _aRU
_bNLR
_gpsbo
801 1 _aRU
_bELAR
_2rusmarc
852 _aNLR
_bОНЛ
_jГагауз./4-7
852 _aNLR
_bОНЛ
_jГагауз./4-7
942 _cBOOK
980 _aNB